[Event "Stay Safe Play From Home 422"]
[Site "Emanuel Lasker Arena"]
[Date "2020.08.30"]
[Round "3"]
[White "Dukic"]
[Black "Kongle"]
[Result "1-0"]
[WhiteElo "1857"]
[BlackElo "1770"]
[Annotator "NA"]
[PlyCount "69"]
[EventDate "2020.08.30"]
[EventType "swiss (blitz)"]

1. c4 {[%emt 0:00:03]} e5 {[%emt 0:00:11]} 2. Nc3 {[%emt 0:00:01]} Nc6 {[%emt 0:00:06]} 3. Nf3 {[%emt 0:00:01]} f5 {[%emt 0:00:01]} 4. d4 {[%emt 0:00:02]} e4 {[%emt 0:00:04]} 5. Ng5 {[%emt 0:00:02]} Be7 {[%emt 0:00:03]} 6. Nh3 {[%emt 0:00:01]} Nf6 {[%emt 0:00:03]} 7. Nf4 {[%emt 0:00:01]} d6 {[%emt 0:00:03]} 8. g3 {[%emt 0:00:01]} O-O {[%emt 0:00:02]} 9. Bg2 {[%emt 0:00:01]} a6 {[%emt 0:00:06]} 10. O-O {[%emt 0:00:01]} g5 {[%emt 0:00:05]} 11. Nfd5 {[%emt 0:00:02]} Nxd5 {[%emt 0:00:18]} 12. Nxd5 {[%emt 0:00:03]} Bf6 {[%emt 0:00:11]} 13. Nxf6+ {[%emt 0:00:32]} Qxf6 {[%emt 0:00:04]} 14. e3 {[%emt 0:00:06]} Bd7 {[%emt 0:00:09]} 15. Bd2 {[%emt 0:00:05]} Rab8 {[%emt 0:00:07]} 16. f3 {[%emt 0:00:02]} exf3 {[%emt 0:00:05]} 17. Bxf3 {[%emt 0:00:08]} f4 {[%emt 0:00:07]} 18. gxf4 {[%emt 0:00:13]} gxf4 {[%emt 0:00:04]} 19. Kh1 {[%emt 0:00:07]} Kh8 {[%emt 0:00:09]} 20. Bd5 {[%emt 0:00:06]} Ne7 {[%emt 0:00:18]} 21. Rxf4 {[%emt 0:00:03]} Qg6 {[%emt 0:00:20]} 22. Be4 {[%emt 0:00:08]} Qh6 {[%emt 0:00:15]} 23. Rxf8+ {[%emt 0:00:32]} Rxf8 {[%emt 0:00:05]} 24. d5 {[%emt 0:00:01]} Ng6 {[%emt 0:00:16]} 25. Qg1 {[%emt 0:00:18]} Ne5 {[%emt 0:00:11]} 26. Bc3 {[%emt 0:00:24]} Qf6 {[%emt 0:00:22]} 27. Qg3 {[%emt 0:00:06]} Rg8 {[%emt 0:00:18]} 28. Qf4 {[%emt 0:00:02]} Qg5 {[%emt 0:00:28]} 29. Rf1 {[%emt 0:00:25]} Bh3 {[%emt 0:00:08]} 30. Qxg5 {[%emt 0:00:14]} Rxg5 {[%emt 0:00:05]} 31. Rf7 {[%emt 0:00:06]} Kg8 {[%emt 0:00:08]} 32. Rxc7 {[%emt 0:00:12]} h5 {[%emt 0:00:04]} 33. c5 {[%emt 0:00:10]} Bg4 {[%emt 0:00:03]} 34. cxd6 {[%emt 0:00:04]} Nf3 {[%emt 0:00:01] ' ' '} 35. h3 {[%emt 0:00:05] Time Time Time (Lag: Av=0.71s, max=3.0s) (Lag: Av=0.71s, max=3.0s) (Lag: Av=0.71s, max=3.0s)} 1-0

[Event "Stay Safe Play From Home 422"]
[Site "Emanuel Lasker Arena"]
[Date "2020.08.30"]
[Round "3"]
[White "Padmaesh M K"]
[Black "Nguyen Hong Anh"]
[Result "0-1"]
[WhiteElo "1807"]
[BlackElo "2216"]
[PlyCount "56"]
[EventDate "2020.08.30"]
[EventType "swiss (blitz)"]

1. Nf3 {[%emt 0:00:04]} Nf6 {[%emt 0:00:02]} 2. g3 {[%emt 0:00:01]} g6 {[%emt 0:00:01]} 3. Bg2 {[%emt 0:00:01]} Bg7 {[%emt 0:00:01]} 4. O-O {[%emt 0:00:01]} O-O {[%emt 0:00:00]} 5. c4 {[%emt 0:00:01]} d5 {[%emt 0:00:01]} 6. cxd5 {[%emt 0:00:01]} Nxd5 {[%emt 0:00:01]} 7. Nc3 {[%emt 0:00:00]} c5 {[%emt 0:00:01]} 8. Qb3 {[%emt 0:00:05]} Nb6 {[%emt 0:00:02]} 9. d3 {[%emt 0:00:02]} Nc6 {[%emt 0:00:03]} 10. Be3 {[%emt 0:00:02]} Be6 {[%emt 0:00:01]} 11. Qd1 {[%emt 0:00:06]} c4 {[%emt 0:00:04]} 12. d4 {[%emt 0:00:03]} Nd5 {[%emt 0:00:04]} 13. Bd2 {[%emt 0:00:06]} Nxd4 {[%emt 0:00:07]} 14. Nxd4 {[%emt 0:00:07]} Bxd4 {[%emt 0:00:02]} 15. Bh6 {[%emt 0:00:03]} Nxc3 {[%emt 0:00:01]} 16. bxc3 {[%emt 0:00:03]} Bxc3 {[%emt 0:00:01]} 17. Bxf8 {[%emt 0:00:06]} Bxa1 {[%emt 0:00:03]} 18. Qxd8 {[%emt 0:00:05]} Rxd8 {[%emt 0:00:02]} 19. Bxe7 {[%emt 0:00:01]} Rd7 {[%emt 0:00:03]} 20. Rxa1 {[%emt 0:00:03]} Rxe7 {[%emt 0:00:01]} 21. Rc1 {[%emt 0:00:01]} Rd7 {[%emt 0:00:02]} 22. Bf1 {[%emt 0:00:03]} Rd2 {[%emt 0:00:02]} 23. e3 {[%emt 0:00:02]} b5 {[%emt 0:00:02]} 24. a4 {[%emt 0:00:03]} a6 {[%emt 0:00:03]} 25. axb5 {[%emt 0:00:04]} axb5 {[%emt 0:00:01]} 26. Rb1 {[%emt 0:00:01]} c3 {[%emt 0:00:07]} 27. Bxb5 {[%emt 0:00:04]} c2 {[%emt 0:00:04]} 28. Rf1 {[%emt 0:00:12]} Rd1 {[%emt 0:00:01] Padmaesh M K resigns Padmaesh M K resigns Padmaesh M K resigns (Lag: Av=1.28s, max=4.3s) (Lag: Av=1.28s, max=4.3s) (Lag: Av=1.28s, max=4.3s)} 0-1

[Event "Stay Safe Play From Home 422"]
[Site "Emanuel Lasker Arena"]
[Date "2020.08.30"]
[Round "3"]
[White "Shakh"]
[Black "ansari11"]
[Result "1/2-1/2"]
[WhiteElo "1641"]
[BlackElo "1430"]
[Annotator "NA"]
[PlyCount "112"]
[EventDate "2020.08.30"]
[EventType "swiss (blitz)"]

1. d4 {[%emt 0:00:05] ansari11 reconnected.} d5 {[%emt 0:00:26]} 2. c4 {[%emt 0:00:07]} c6 {[%emt 0:00:04]} 3. Nc3 {[%emt 0:00:02]} Nf6 {[%emt 0:00:02]} 4. Nf3 {[%emt 0:00:02]} Bf5 {[%emt 0:00:01]} 5. cxd5 {[%emt 0:00:02]} cxd5 {[%emt 0:00:03]} 6. Qb3 {[%emt 0:00:01]} b6 {[%emt 0:00:24]} 7. Bg5 {[%emt 0:00:06]} e6 {[%emt 0:00:02]} 8. e3 {[%emt 0:00:03]} Be7 {[%emt 0:00:01]} 9. Bb5+ {[%emt 0:00:01]} Nbd7 {[%emt 0:00:05]} 10. Qa4 {[%emt 0:00:04]} O-O {[%emt 0:00:03]} 11. O-O {[%emt 0:00:07]} h6 {[%emt 0:00:09]} 12. Bh4 {[%emt 0:00:02]} a6 {[%emt 0:00:10]} 13. Be2 {[%emt 0:00:08]} b5 {[%emt 0:00:04]} 14. Qb3 {[%emt 0:00:03]} Nb6 {[%emt 0:00:03]} 15. Ne5 {[%emt 0:00:05]} Nc4 {[%emt 0:00:03]} 16. Nc6 {[%emt 0:00:40]} Qc7 {[%emt 0:00:11]} 17. Nxe7+ {[%emt 0:00:04]} Qxe7 {[%emt 0:00:02]} 18. Rfd1 {[%emt 0:00:12]} Rfc8 {[%emt 0:00:07]} 19. a3 {[%emt 0:00:19]} Rc7 {[%emt 0:00:02]} 20. Rac1 {[%emt 0:00:08]} Rac8 {[%emt 0:00:02]} 21. Na2 {[%emt 0:00:21]} Nd6 {[%emt 0:00:09]} 22. Bxf6 {[%emt 0:00:12]} Qxf6 {[%emt 0:00:07]} 23. Rxc7 {[%emt 0:00:03]} Rxc7 {[%emt 0:00:02]} 24. Bd3 {[%emt 0:00:08]} Ne4 {[%emt 0:00:07]} 25. Bxe4 {[%emt 0:00:04]} Bxe4 {[%emt 0:00:02]} 26. Rf1 {[%emt 0:00:07]} Qg6 {[%emt 0:00:04]} 27. f3 {[%emt 0:00:05]} Rc2 {[%emt 0:00:05]} 28. Rf2 {[%emt 0:00:08]} Rxf2 {[%emt 0:00:06]} 29. Kxf2 {[%emt 0:00:02]} Bd3 {[%emt 0:00:04]} 30. Qc3 {[%emt 0:00:06]} Bc4 {[%emt 0:00:01]} 31. b3 {[%emt 0:00:03]} Qb1 {[%emt 0:00:12]} 32. bxc4 {[%emt 0:00:03]} Qxa2+ {[%emt 0:00:03]} 33. Kg3 {[%emt 0:00:04]} Qxc4 {[%emt 0:00:08]} 34. Qxc4 {[%emt 0:00:04]} bxc4 {[%emt 0:00:02]} 35. Kf2 {[%emt 0:00:01]} Kf8 {[%emt 0:00:01]} 36. Ke2 {[%emt 0:00:01]} Ke7 {[%emt 0:00:01]} 37. Kd2 {[%emt 0:00:01]} Kd6 {[%emt 0:00:01]} 38. Kc3 {[%emt 0:00:01]} a5 {[%emt 0:00:03]} 39. a4 {[%emt 0:00:02]} Ke7 {[%emt 0:00:04]} 40. e4 {[%emt 0:00:04]} Kf6 {[%emt 0:00:04]} 41. Kd2 {[%emt 0:00:05]} g5 {[%emt 0:00:07]} 42. g4 {[%emt 0:00:08]} Kg6 {[%emt 0:00:04]} 43. Ke3 {[%emt 0:00:05]} h5 {[%emt 0:00:04]} 44. h3 {[%emt 0:00:02]} f5 {[%emt 0:00:05]} 45. e5 {[%emt 0:00:20]} fxg4 {[%emt 0:00:13]} 46. fxg4 {[%emt 0:00:05]} hxg4 {[%emt 0:00:15]} 47. hxg4 {[%emt 0:00:01]} Kf7 {[%emt 0:00:10]} 48. Kd2 {[%emt 0:00:00]} Ke7 {[%emt 0:00:01]} 49. Kc3 {[%emt 0:00:00]} Kf7 {[%emt 0:00:03]} 50. Kd2 {[%emt 0:00:00]} Ke7 {[%emt 0:00:02]} 51. Kc3 {[%emt 0:00:00]} Kd7 {[%emt 0:00:01]} 52. Kd2 {[%emt 0:00:00]} Kc6 {[%emt 0:00:01]} 53. Kc3 {[%emt 0:00:00]} Kb6 {[%emt 0:00:02]} 54. Kd2 {[%emt 0:00:00]} Kc6 {[%emt 0:00:02]} 55. Kc3 {[%emt 0:00:00]} Kd7 {[%emt 0:00:03]} 56. Kd2 {[%emt 0:00:00]} Ke7 {[%emt 0:00:00] Threefold Rep Threefold Rep Threefold Rep Threefold Rep Threefold Rep Threefold Rep} 1/2-1/2

[Event "Stay Safe Play From Home 422"]
[Site "Emanuel Lasker Arena"]
[Date "2020.08.30"]
[Round "3"]
[White "Timbre"]
[Black "APConnection"]
[Result "0-1"]
[WhiteElo "1615"]
[BlackElo "1698"]
[Annotator "NA"]
[PlyCount "128"]
[EventDate "2020.08.30"]
[EventType "swiss (blitz)"]

1. d4 {[%emt 0:00:03]} Nf6 {[%emt 0:00:02]} 2. Nf3 {[%emt 0:00:01]} c5 {[%emt 0:00:01]} 3. c3 {[%emt 0:00:01]} e6 {[%emt 0:00:02]} 4. Bf4 {[%emt 0:00:02]} Be7 {[%emt 0:00:01]} 5. e3 {[%emt 0:00:01]} O-O {[%emt 0:00:00]} 6. Bd3 {[%emt 0:00:01]} d6 {[%emt 0:00:01]} 7. Qe2 {[%emt 0:00:01]} Nbd7 {[%emt 0:00:02]} 8. Nbd2 {[%emt 0:00:01]} Re8 {[%emt 0:00:00]} 9. O-O {[%emt 0:00:03]} Nf8 {[%emt 0:00:00]} 10. Bg3 {[%emt 0:00:03]} b6 {[%emt 0:00:01]} 11. Ne4 {[%emt 0:00:04]} Bb7 {[%emt 0:00:04]} 12. Nxf6+ {[%emt 0:00:02]} Bxf6 {[%emt 0:00:02]} 13. e4 {[%emt 0:00:03]} g6 {[%emt 0:00:12]} 14. e5 {[%emt 0:00:02]} Bg7 {[%emt 0:00:00]} 15. exd6 {[%emt 0:00:04]} cxd4 {[%emt 0:00:08]} 16. cxd4 {[%emt 0:00:02]} Qd7 {[%emt 0:00:18]} 17. Bb5 {[%emt 0:00:03]} Bc6 {[%emt 0:00:01]} 18. Bxc6 {[%emt 0:00:02]} Qxc6 {[%emt 0:00:00]} 19. Rac1 {[%emt 0:00:08]} Qd5 {[%emt 0:00:02]} 20. Qe3 {[%emt 0:00:06]} Rec8 {[%emt 0:00:06]} 21. Rxc8 {[%emt 0:00:04]} Rxc8 {[%emt 0:00:01]} 22. h3 {[%emt 0:00:01]} Nd7 {[%emt 0:00:05]} 23. Be5 {[%emt 0:00:06]} f6 {[%emt 0:00:04]} 24. Bg3 {[%emt 0:00:05]} e5 {[%emt 0:00:02]} 25. dxe5 {[%emt 0:00:02]} fxe5 {[%emt 0:00:02]} 26. Qa3 {[%emt 0:00:11]} a5 {[%emt 0:00:13]} 27. Ng5 {[%emt 0:00:07]} Rc6 {[%emt 0:00:17]} 28. Re1 {[%emt 0:00:10]} Rxd6 {[%emt 0:00:08]} 29. Nf3 {[%emt 0:00:08]} Re6 {[%emt 0:00:26]} 30. b4 {[%emt 0:00:03]} e4 {[%emt 0:00:05]} 31. Nh2 {[%emt 0:00:06]} Bf8 {[%emt 0:00:01]} 32. Qe3 {[%emt 0:00:07]} Bxb4 {[%emt 0:00:02]} 33. Rc1 {[%emt 0:00:06]} Nc5 {[%emt 0:00:02]} 34. Ng4 {[%emt 0:00:06]} Bd2 {[%emt 0:00:03]} 35. Qa3 {[%emt 0:00:19]} Bxc1 {[%emt 0:00:04]} 36. Qxc1 {[%emt 0:00:02]} h5 {[%emt 0:00:20]} 37. Ne3 {[%emt 0:00:07]} Qd3 {[%emt 0:00:06]} 38. Qb2 {[%emt 0:00:08]} Qd7 {[%emt 0:00:26]} 39. Qc2 {[%emt 0:00:10]} Qd3 {[%emt 0:00:04]} 40. Qb2 {[%emt 0:00:04]} Qd7 {[%emt 0:00:00]} 41. Qc2 {[%emt 0:00:02]} Nd3 {[%emt 0:00:03]} 42. Qc4 {[%emt 0:00:08]} Kg7 {[%emt 0:00:01]} 43. Qc3+ {[%emt 0:00:17]} Kh6 {[%emt 0:00:04]} 44. Bf4+ {[%emt 0:00:03]} Kh7 {[%emt 0:00:03]} 45. Bg3 {[%emt 0:00:10]} Qf7 {[%emt 0:00:11]} 46. Qc8 {[%emt 0:00:08]} Re8 {[%emt 0:00:03]} 47. Qc4 {[%emt 0:00:07]} Qxc4 {[%emt 0:00:01]} 48. Nxc4 {[%emt 0:00:03]} Rc8 {[%emt 0:00:03]} 49. Nxb6 {[%emt 0:00:03]} Rc1+ {[%emt 0:00:03]} 50. Kh2 {[%emt 0:00:01]} Rb1 {[%emt 0:00:02]} 51. Nc4 {[%emt 0:00:07]} Ra1 {[%emt 0:00:02]} 52. Nxa5 {[%emt 0:00:02]} Rxa2 {[%emt 0:00:00]} 53. Nc4 {[%emt 0:00:03]} Nxf2 {[%emt 0:00:01]} 54. Bxf2 {[%emt 0:00:03]} Rxf2 {[%emt 0:00:01]} 55. Ne3 {[%emt 0:00:02]} Re2 {[%emt 0:00:02]} 56. Nd5 {[%emt 0:00:02]} Rd2 {[%emt 0:00:02]} 57. Ne3 {[%emt 0:00:03]} Rd3 {[%emt 0:00:02]} 58. Nc4 {[%emt 0:00:03]} e3 {[%emt 0:00:01]} 59. Ne5 {[%emt 0:00:01]} Rd2 {[%emt 0:00:03]} 60. Nf3 {[%emt 0:00:01]} Ra2 {[%emt 0:00:03]} 61. Kg1 {[%emt 0:00:03]} Ra1+ {[%emt 0:00:03]} 62. Kh2 {[%emt 0:00:02]} e2 {[%emt 0:00:01]} 63. Kg3 {[%emt 0:00:02]} e1=Q+ {[%emt 0:00:01]} 64. Nxe1 {[%emt 0:00:02]} Rxe1 {[%emt 0:00:00] Timbre resigns Timbre resigns Timbre resigns (Lag: Av=0.47s, max=1.2s) (Lag: Av=0.47s, max=1.2s) (Lag: Av=0.47s, max=1.2s)} 0-1

[Event "Stay Safe Play From Home 422"]
[Site "Emanuel Lasker Arena"]
[Date "2020.08.30"]
[Round "4"]
[White "Nguyen Hong Anh"]
[Black "Hickey"]
[Result "1-0"]
[WhiteElo "2219"]
[BlackElo "2084"]
[PlyCount "113"]
[EventDate "2020.08.30"]
[EventType "swiss (blitz)"]

1. d4 {[%emt 0:01:44]} Nf6 {[%emt 0:00:40]} 2. c4 {[%emt 0:00:04]} e6 {[%emt 0:00:02]} 3. Nf3 {[%emt 0:00:03]} b6 {[%emt 0:00:07]} 4. g3 {[%emt 0:00:01]} Ba6 {[%emt 0:00:03]} 5. Qc2 {[%emt 0:00:02]} c5 {[%emt 0:00:08]} 6. dxc5 {[%emt 0:00:02]} Bxc5 {[%emt 0:00:00]} 7. Bg2 {[%emt 0:00:03]} Bb7 {[%emt 0:00:05]} 8. O-O {[%emt 0:00:01]} O-O {[%emt 0:00:02]} 9. Nc3 {[%emt 0:00:01]} Nc6 {[%emt 0:00:22]} 10. a3 {[%emt 0:00:05]} Rc8 {[%emt 0:00:03]} 11. Rd1 {[%emt 0:00:04]} Qc7 {[%emt 0:00:40]} 12. Bf4 {[%emt 0:00:12]} e5 {[%emt 0:00:02]} 13. Bg5 {[%emt 0:00:02]} Be7 {[%emt 0:00:11]} 14. Nb5 {[%emt 0:00:06]} Qb8 {[%emt 0:00:05]} 15. Bxf6 {[%emt 0:00:04]} Bxf6 {[%emt 0:00:00]} 16. Rxd7 {[%emt 0:00:01]} Na5 {[%emt 0:00:05]} 17. Nd6 {[%emt 0:00:07]} Rc7 {[%emt 0:00:03]} 18. Rxc7 {[%emt 0:00:01]} Qxc7 {[%emt 0:00:00]} 19. Nxb7 {[%emt 0:00:01]} Nxb7 {[%emt 0:00:00]} 20. Rd1 {[%emt 0:00:02]} Rc8 {[%emt 0:00:05]} 21. b3 {[%emt 0:00:02]} Qe7 {[%emt 0:00:07]} 22. Nd2 {[%emt 0:00:02]} Nc5 {[%emt 0:00:05]} 23. Ne4 {[%emt 0:00:01]} Nxe4 {[%emt 0:00:02]} 24. Bxe4 {[%emt 0:00:01]} g6 {[%emt 0:00:03]} 25. b4 {[%emt 0:00:01]} Rd8 {[%emt 0:00:07]} 26. Rc1 {[%emt 0:00:05]} Qc7 {[%emt 0:00:10]} 27. Bd5 {[%emt 0:00:02]} Kg7 {[%emt 0:00:03]} 28. e4 {[%emt 0:00:01]} Be7 {[%emt 0:00:02]} 29. Qb2 {[%emt 0:00:03]} f6 {[%emt 0:00:02]} 30. Kg2 {[%emt 0:00:02]} Rc8 {[%emt 0:00:01]} 31. Qe2 {[%emt 0:00:02]} a5 {[%emt 0:00:01]} 32. Qd2 {[%emt 0:00:02]} axb4 {[%emt 0:00:02]} 33. axb4 {[%emt 0:00:01]} Qd6 {[%emt 0:00:01]} 34. Rb1 {[%emt 0:00:01]} Rc7 {[%emt 0:00:02]} 35. Qe3 {[%emt 0:00:02]} Ra7 {[%emt 0:00:02]} 36. Rb2 {[%emt 0:00:02]} Ra4 {[%emt 0:00:01]} 37. b5 {[%emt 0:00:05]} Qc5 {[%emt 0:00:02]} 38. Qd2 {[%emt 0:00:02]} Ra3 {[%emt 0:00:03]} 39. Be6 {[%emt 0:00:01]} Bd6 {[%emt 0:00:05]} 40. Qe2 {[%emt 0:00:05]} Qc7 {[%emt 0:00:06]} 41. Rd2 {[%emt 0:00:01]} Ra7 {[%emt 0:00:05]} 42. Qd3 {[%emt 0:00:03]} Bc5 {[%emt 0:00:01]} 43. Qd5 {[%emt 0:00:02]} Bd4 {[%emt 0:00:01]} 44. f4 {[%emt 0:00:08]} Ra1 {[%emt 0:00:04]} 45. Rxd4 {[%emt 0:00:03]} exd4 {[%emt 0:00:02]} 46. Qxd4 {[%emt 0:00:01]} Ra2+ {[%emt 0:00:01]} 47. Kh3 {[%emt 0:00:02]} Re2 {[%emt 0:00:05]} 48. Bg4 {[%emt 0:00:02]} Re1 {[%emt 0:00:01]} 49. Bf3 {[%emt 0:00:03]} Rc1 {[%emt 0:00:01]} 50. Be2 {[%emt 0:00:01]} Rc2 {[%emt 0:00:00]} 51. Bd3 {[%emt 0:00:01]} Rd2 {[%emt 0:00:01]} 52. Qe3 {[%emt 0:00:01]} Rd1 {[%emt 0:00:02]} 53. Be2 {[%emt 0:00:01]} Qd7+ {[%emt 0:00:01]} 54. Bg4 {[%emt 0:00:02]} Qd4 {[%emt 0:00:00]} 55. Qa3 {[%emt 0:00:04]} Rd3 {[%emt 0:00:03]} 56. Qe7+ {[%emt 0:00:02]} Kh6 {[%emt 0:00:01]} 57. Qf8# {[%emt 0:00:01] (Lag: Av=1.19s, max=2.1s) (Lag: Av=1.19s, max=2.1s) (Lag: Av=1.19s, max=2.1s)} 1-0

[Event "Stay Safe Play From Home 422"]
[Site "Emanuel Lasker Arena"]
[Date "2020.08.30"]
[Round "4"]
[White "Haris kollari 13"]
[Black "Kongle"]
[Result "1-0"]
[WhiteElo "1930"]
[BlackElo "1757"]
[Annotator "NA"]
[PlyCount "95"]
[EventDate "2020.08.30"]
[EventType "swiss (blitz)"]

1. e4 {[%emt 0:00:01]} d5 {[%emt 0:00:03]} 2. exd5 {[%emt 0:00:02]} Qxd5 {[%emt 0:00:02]} 3. c4 {[%emt 0:00:01]} Qd6 {[%emt 0:00:01]} 4. d4 {[%emt 0:00:02]} c6 {[%emt 0:00:02]} 5. Be3 {[%emt 0:00:02]} Bf5 {[%emt 0:00:02]} 6. c5 {[%emt 0:00:03]} Qd7 {[%emt 0:00:02]} 7. Nc3 {[%emt 0:00:01]} e6 {[%emt 0:00:01]} 8. Nf3 {[%emt 0:00:01]} Be7 {[%emt 0:00:04]} 9. Ne5 {[%emt 0:00:01]} Qd8 {[%emt 0:00:05]} 10. g4 {[%emt 0:00:05]} Bg6 {[%emt 0:00:06]} 11. Be2 {[%emt 0:00:10]} Nf6 {[%emt 0:00:03]} 12. h4 {[%emt 0:00:05]} h6 {[%emt 0:00:08]} 13. h5 {[%emt 0:00:11]} Bh7 {[%emt 0:00:10]} 14. O-O {[%emt 0:00:13]} Nd5 {[%emt 0:00:16]} 15. Bd3 {[%emt 0:00:06]} Bxd3 {[%emt 0:00:10]} 16. Qxd3 {[%emt 0:00:02]} Nd7 {[%emt 0:00:07]} 17. Nxd5 {[%emt 0:00:07]} Nxe5 {[%emt 0:00:15]} 18. dxe5 {[%emt 0:00:09]} exd5 {[%emt 0:00:10]} 19. b4 {[%emt 0:00:04]} a6 {[%emt 0:00:04]} 20. Rad1 {[%emt 0:00:03]} Qd7 {[%emt 0:00:01]} 21. Qe2 {[%emt 0:00:08]} Bg5 {[%emt 0:00:07]} 22. f4 {[%emt 0:00:01]} Bh4 {[%emt 0:00:03]} 23. Qf3 {[%emt 0:00:03]} O-O-O {[%emt 0:00:06]} 24. Bd4 {[%emt 0:00:02]} Rde8 {[%emt 0:00:06]} 25. a4 {[%emt 0:00:02]} f6 {[%emt 0:00:22]} 26. exf6 {[%emt 0:00:13]} Bxf6 {[%emt 0:00:04]} 27. Kg2 {[%emt 0:00:14]} Re4 {[%emt 0:00:12]} 28. Bxf6 {[%emt 0:00:01]} gxf6 {[%emt 0:00:01]} 29. Rfe1 {[%emt 0:00:21]} Rxb4 {[%emt 0:00:19]} 30. f5 {[%emt 0:00:05]} Rg8 {[%emt 0:00:04]} 31. Kh3 {[%emt 0:00:08]} Rgxg4 {[%emt 0:00:12]} 32. Qxg4 {[%emt 0:00:01]} Rxg4 {[%emt 0:00:02]} 33. Kxg4 {[%emt 0:00:00]} Qg7+ {[%emt 0:00:02]} 34. Kf3 {[%emt 0:00:10]} Qg5 {[%emt 0:00:01]} 35. Re8+ {[%emt 0:00:02]} Kd7 {[%emt 0:00:07]} 36. Rde1 {[%emt 0:00:01]} Qxf5+ {[%emt 0:00:03]} 37. Kg2 {[%emt 0:00:02]} Qg5+ {[%emt 0:00:06]} 38. Kf1 {[%emt 0:00:02]} f5 {[%emt 0:00:10]} 39. R1e6 {[%emt 0:00:08]} f4 {[%emt 0:00:06]} 40. Re5 {[%emt 0:00:04]} Qh4 {[%emt 0:00:15]} 41. Rg8 {[%emt 0:00:15]} Qh3+ {[%emt 0:00:13]} 42. Kf2 {[%emt 0:00:03]} Qh2+ {[%emt 0:00:04]} 43. Kf3 {[%emt 0:00:01]} Qh3+ {[%emt 0:00:07]} 44. Kxf4 {[%emt 0:00:09]} Qh2+ {[%emt 0:00:03]} 45. Rg3 {[%emt 0:00:02]} Qf2+ {[%emt 0:00:05]} 46. Kg4 {[%emt 0:00:04]} d4 {[%emt 0:00:03]} 47. Kh3 {[%emt 0:00:10]} Qf1+ {[%emt 0:00:03]} 48. Kg4 {[%emt 0:00:05] Time Time Time (Lag: Av=0.79s, max=3.8s) (Lag: Av=0.79s, max=3.8s) (Lag: Av=0.79s, max=3.8s)} 1-0

[Event "Stay Safe Play From Home 422"]
[Site "Emanuel Lasker Arena"]
[Date "2020.08.30"]
[Round "4"]
[White "Dukic"]
[Black "Sfantul321"]
[Result "0-1"]
[WhiteElo "1870"]
[BlackElo "1981"]
[Annotator "NA"]
[PlyCount "136"]
[EventDate "2020.08.30"]
[EventType "swiss (blitz)"]

1. c4 {[%emt 0:00:04]} g6 {[%emt 0:00:02]} 2. Nc3 {[%emt 0:00:01]} Bg7 {[%emt 0:00:01]} 3. d4 {[%emt 0:00:00]} c5 {[%emt 0:00:01]} 4. Nf3 {[%emt 0:00:01]} cxd4 {[%emt 0:00:01]} 5. Nxd4 {[%emt 0:00:01]} Nf6 {[%emt 0:00:01]} 6. g3 {[%emt 0:00:02]} O-O {[%emt 0:00:01]} 7. Bg2 {[%emt 0:00:00]} Nc6 {[%emt 0:00:01]} 8. Nc2 {[%emt 0:00:02]} a6 {[%emt 0:00:02]} 9. O-O {[%emt 0:00:01]} d6 {[%emt 0:00:02]} 10. b3 {[%emt 0:00:01]} Bd7 {[%emt 0:00:03]} 11. Qd2 {[%emt 0:00:01]} Qc8 {[%emt 0:00:01]} 12. Re1 {[%emt 0:00:07]} Bh3 {[%emt 0:00:02]} 13. Bh1 {[%emt 0:00:01]} Rd8 {[%emt 0:00:03]} 14. Bb2 {[%emt 0:00:02]} Rb8 {[%emt 0:00:02]} 15. Rac1 {[%emt 0:00:04]} Qg4 {[%emt 0:00:07]} 16. Ne3 {[%emt 0:00:02]} Qc8 {[%emt 0:00:05]} 17. Ncd5 {[%emt 0:00:02]} Qd7 {[%emt 0:00:14]} 18. Nxf6+ {[%emt 0:00:13]} exf6 {[%emt 0:00:02]} 19. Rcd1 {[%emt 0:00:20]} Qe6 {[%emt 0:00:07]} 20. Nd5 {[%emt 0:00:05]} Ne5 {[%emt 0:00:03]} 21. Nf4 {[%emt 0:00:18]} Qc8 {[%emt 0:00:03]} 22. c5 {[%emt 0:00:04]} Bf8 {[%emt 0:00:09]} 23. cxd6 {[%emt 0:00:18]} Rxd6 {[%emt 0:00:09]} 24. Qe3 {[%emt 0:00:29]} Rxd1 {[%emt 0:00:03]} 25. Rxd1 {[%emt 0:00:02]} Qc2 {[%emt 0:00:06]} 26. Qd2 {[%emt 0:00:10]} Qxd2 {[%emt 0:00:07]} 27. Rxd2 {[%emt 0:00:01]} Bg4 {[%emt 0:00:03]} 28. Nd5 {[%emt 0:00:13]} Bg7 {[%emt 0:00:07]} 29. f4 {[%emt 0:00:12]} Nc6 {[%emt 0:00:16]} 30. Nxf6+ {[%emt 0:00:09]} Bxf6 {[%emt 0:00:02]} 31. Bxf6 {[%emt 0:00:01]} Re8 {[%emt 0:00:04]} 32. Kf2 {[%emt 0:00:02]} Re6 {[%emt 0:00:07]} 33. Bc3 {[%emt 0:00:09]} f5 {[%emt 0:00:02]} 34. Bd5 {[%emt 0:00:02]} Kf7 {[%emt 0:00:03]} 35. Bxe6+ {[%emt 0:00:02]} Kxe6 {[%emt 0:00:00]} 36. Ke3 {[%emt 0:00:08]} h6 {[%emt 0:00:03]} 37. h4 {[%emt 0:00:09]} Ne7 {[%emt 0:00:02]} 38. Be5 {[%emt 0:00:05]} Nc6 {[%emt 0:00:05]} 39. Bg7 {[%emt 0:00:02]} h5 {[%emt 0:00:04]} 40. Bf8 {[%emt 0:00:04]} Kf7 {[%emt 0:00:03]} 41. Bc5 {[%emt 0:00:02]} Ke8 {[%emt 0:00:02]} 42. Rd6 {[%emt 0:00:01]} Kf7 {[%emt 0:00:03]} 43. Rd7+ {[%emt 0:00:03]} Ke6 {[%emt 0:00:00]} 44. Rxb7 {[%emt 0:00:01]} Kd5 {[%emt 0:00:01]} 45. Ba3 {[%emt 0:00:02]} a5 {[%emt 0:00:05]} 46. Rb5+ {[%emt 0:00:03]} Ke6 {[%emt 0:00:03]} 47. Rb6 {[%emt 0:00:01]} Kd7 {[%emt 0:00:01]} 48. Rb7+ {[%emt 0:00:03]} Ke6 {[%emt 0:00:01]} 49. Rg7 {[%emt 0:00:00]} Kf6 {[%emt 0:00:01]} 50. Bb2+ {[%emt 0:00:01]} Ke6 {[%emt 0:00:03]} 51. Rxg6+ {[%emt 0:00:01]} Kd5 {[%emt 0:00:00]} 52. a3 {[%emt 0:00:07]} Kc5 {[%emt 0:00:04]} 53. Kd3 {[%emt 0:00:05]} Bh3 {[%emt 0:00:04]} 54. Rg5 {[%emt 0:00:04]} Bg4 {[%emt 0:00:02]} 55. e3 {[%emt 0:00:03]} Ne7 {[%emt 0:00:02]} 56. Bd4+ {[%emt 0:00:05]} Kb5 {[%emt 0:00:05]} 57. Rg7 {[%emt 0:00:02]} Nd5 {[%emt 0:00:01]} 58. Rd7 {[%emt 0:00:04]} Kc6 {[%emt 0:00:01]} 59. Rd8 {[%emt 0:00:01]} Bf3 {[%emt 0:00:06]} 60. Rc8+ {[%emt 0:00:05]} Kb7 {[%emt 0:00:07]} 61. Rc5 {[%emt 0:00:01]} Ka6 {[%emt 0:00:01]} 62. Kc4 {[%emt 0:00:04]} Nb6+ {[%emt 0:00:02]} 63. Kc3 {[%emt 0:00:02]} Nd5+ {[%emt 0:00:01]} 64. Kb2 {[%emt 0:00:02]} Be4 {[%emt 0:00:03]} 65. Rc6+ {[%emt 0:00:01]} Kb7 {[%emt 0:00:01]} 66. Re6 {[%emt 0:00:02]} Bf3 {[%emt 0:00:02]} 67. Bc5 {[%emt 0:00:01]} Nc7 {[%emt 0:00:03]} 68. Re7 {[%emt 0:00:02]} Kc6 {[%emt 0:00:01] Zeit Zeit Zeit (Lag: Av=0.30s, max=0.9s) (Lag: Av=0.30s, max=0.9s) (Lag: Av=0.30s, max=0.9s)} 0-1